Programming languages : history and fundamentals /
Guardado en:
| Autor Principal: | |
|---|---|
| Formato: | Libro |
| Idioma: | English |
| Publicado: |
Englewood Cliffs, N.J. :
Prentice-Hall,
c1969.
|
| Series: | Prentice-Hall series in automatic computation
|
| Etiquetas: |
Agregar Etiqueta
Sin Etiquetas, Sea el primero en etiquetar este registro!
|
| LEADER | 00591nam a22001695 4500 | ||
|---|---|---|---|
| 001 | MAT.inmabb002144 | ||
| 008 | 690602s1969####nju######b####001#0#eng#d | ||
| 005 | 20160610152822.0 | ||
| 245 | 1 | 0 | |a Programming languages : |b history and fundamentals / |c Jean E. Sammet. |
| 260 | |a Englewood Cliffs, N.J. : |b Prentice-Hall, |c c1969. | ||
| 300 | |a xxx, 785 p. ; |c 24 cm. | ||
| 440 | 0 | |a Prentice-Hall series in automatic computation | |
| 504 | |a Incluye referencias bibliográficas. | ||
| 100 | 1 | |a Sammet, Jean E., |d 1928- | |
| 084 | |a 68N15 |2 msc2000 | ||
| 010 | |a 68028110 | ||
| 859 | |h 68 |i Sa189 |p A-3796 |b BIB. MATEMATICA | ||
